| 000 | 00547nam a22001697a 4500 | ||
|---|---|---|---|
| 003 | OSt | ||
| 005 | 20160510100146.0 | ||
| 008 | 160510b xxu||||| |||| 00| 0 eng d | ||
| 040 | _aSEKU | ||
| 050 |
_aLB 2840 _b.M8 |
||
| 100 | _aMwaura, John K. | ||
| 245 |
_aInfluence of principal's selected administrative tasks on teachers' motivation in public secondary schools in Kibwezi sub-county, Makueni County Kenya _c[by] Mwaura, John K. |
||
| 300 |
_a98p. _bill. |
||
| 650 |
_aTeachers _vmotivation |
||
| 650 | _aSecondary schools | ||
| 942 |
_2lcc _cTHE |
||
| 999 |
_c13535 _d13535 |
||